जूपीटर / (Record no. 118555)

MARC details
000 -LEADER
fixed length control field 01011nam a22002537a 4500
005 - DATE AND TIME OF LATEST TRANSACTION
control field 20170124103116.0
010 ## - LIBRARY OF CONGRESS CONTROL NUMBER
LC control number B-158024
020 ## - INTERNATIONAL STANDARD BOOK NUMBER
Terms of availability 80.00
035 ## - SYSTEM CONTROL NUMBER
System control number B-158024
037 ## - SOURCE OF ACQUISITION
Source of stock number/acquisition Cen Lib/Ret
040 ## - CATALOGING SOURCE
Original cataloging agency DPL
Language of cataloging HN
082 ## - DEWEY DECIMAL CLASSIFICATION NUMBER
Classification number 523.4
Item number सक्सेना
100 ## - MAIN ENTRY--PERSONAL NAME
Personal name सक्सेना, बलबीर
9 (RLIN) 80832
245 ## - TITLE STATEMENT
Title जूपीटर /
Statement of responsibility, etc बलबीर सक्सेना
246 ## - VARYING FORM OF TITLE
Title proper/short title Jupitar /
Remainder of title by Balbir Saxena
260 ## - PUBLICATION, DISTRIBUTION, ETC. (IMPRINT)
Place of publication, distribution, etc नयी दिल्ली
Name of publisher, distributor, etc अनुराग प्रकाशन
Date of publication, distribution, etc 2003
270 ## - ADDRESS
Address 1/1073-डी, महरौली
City नयी दिल्ली
Postal code 110030
300 ## - PHYSICAL DESCRIPTION
Extent 83पृ. :
Dimensions 21सेमी (सजिल्द)
Other physical details सचित्र
650 ## - SUBJECT ADDED ENTRY--TOPICAL TERM
Topical term or geographic name as entry element खगोलशास्त्र --जूपिटर
9 (RLIN) 5755
650 ## - SUBJECT ADDED ENTRY--TOPICAL TERM
Topical term or geographic name as entry element Astronomy--Jupitar
9 (RLIN) 80833
650 ## - SUBJECT ADDED ENTRY--TOPICAL TERM
Topical term or geographic name as entry element जुपिटर--उपग्रह
9 (RLIN) 80834
650 ## - SUBJECT ADDED ENTRY--TOPICAL TERM
Topical term or geographic name as entry element Jupiter--Satellite
9 (RLIN) 80835
942 ## - ADDED ENTRY ELEMENTS (KOHA)
Source of classification or shelving scheme Dewey Decimal Classification
Koha item type Hindi Books
Classification part 523.4
Call number suffix सक्सेना
Holdings
Withdrawn status Lost status Damaged status Not for loan Home library Current library Date acquired Source of acquisition Cost, normal purchase price Total Checkouts Full call number Barcode Date last seen Copy number Cost, replacement price Price effective from Koha item type
        Central Library Central Library 11/09/2015 Cen Lib/Ret 80.00   523.4 सक्सेना B-158024 11/09/2015 1 80.00 11/09/2015 Hindi Books

© Delhi Public Library
Hit Counter
free hit counter